Druga drużyna wszechczasów France Football - Statystyki

Ogólne statystyki
  • Ten quiz został rozwiązany 153 razy
  • Średni wynik to 4 z 11
Statystyki odpowiedzi
Pozycja Piłkarz % Poprawnych
Bramkarz Gianluigi Buffon
82%
Ofensywny pomocnik Zinedine Zidane
60%
Lewy Skrzydłowy Ronaldinho
52%
Lewy obrońca Roberto Carlos
36%
Napastnik Johan Cruyff
35%
Środkowy obrońca Franco Baresi
28%
Prawy skrzydłowy Garrincha
27%
Prawy obrońca Carlos Alberto
21%
Defensywny pomocnik Andrea Pirlo
17%
Ofensywny pomocnik Alfredo Di Stéfano
13%
Defensywny pomocnik Frank Rijkaard
6%
Nie znaleziono quizów pasujących do podanych kryteriów
Rozkład punktacji
Procent ludzi z każdym wynikiem
Percentyl według liczby udzielonych odpowiedzi
Twoja historia wyników
Nie rozwiązałeś tego quizu